00998cam a22002775a 4500001001000000003000400010005001700014008004100031020001800072040003600090082002100126100002900147245010100176246005200277250001300329260004800342300003200390500002600422650004000448651001000488653002400498700003100522942000800553999001700561952014200578017407989OSt20161127121941.0150610t2015 enka fr f001 0 eng d a9780198712091 aStDuBDSbengcStDuBDSdEG-ScBUE04222a617.605bBAN1 aBanerjee, Avijit.93998710aPickard's guide to minimally invasive operative dentistry /cAvijit Banerjee, Timothy F. Watson.30aGuide to minimally invasive operative dentistry a10th ed. aOxford :bOxford University Press,cc.2015. ax, 185 p. :bill. ;c28 cm. aIndex : p. [181]-185. 7aDentistry, Operative.2BUEsh930617 2BUEsh bDDentcNovember20151 aWatson, Timothy F.,932423 2ddc c23352d23324 00102ddc40708BaccahaMAINbMAINc1STd2016-11-27ePurchaseg675.00h25138l0o617.605 BANp000040092r2025-07-15 00:00:00v843.75yBB